| 000 | 00900nam a2200277 i 4500 | ||
|---|---|---|---|
| 001 | bg | ||
| 100 | 1 | _aBECKER, Norbert | |
| 245 | 1 | 0 |
_aUnternehmen Deutsch : _bGrundkurs: Arbeitsbuch / _cBecker / Braunert / Schlenker. |
| 260 |
_aPoznań : _bLektorklett, _c2006. |
||
| 300 |
_a152 s. : _bil. ; _c30 cm. |
||
| 650 | 9 | _aJęzyk niemiecki | |
| 655 | _aPodręczniki akademickie | ||
| 700 | 1 | _aBRAUNERT, Jörg | |
| 700 | 1 | _aSCHLENKER, Wolfram | |
| 020 | _a8374291109 | ||
| 020 | _a9788374291101 | ||
| 040 | _cBPK | ||
| 041 | 0 | _ager | |
| 080 | _a811.112.2(075.8) | ||
| 920 | _a83-7429-110-9 | ||
| 920 | _a978-83-7429-110-1 | ||
| 942 | _cKS | ||
| 008 | s pl f |000 0 pol | ||
| 856 |
_uhttp://koha.tu.koszalin.pl/cgi-bin/koha/opac-detail.pl?biblionumber=52261 _yKatalog online BPK |
||
| 999 |
_c52261 _d52261 |
||